アイマス ミリオン声優 - Statistics

General Stats
  • This quiz has been taken 71 times
  • The average score is 34 of 51
Answer Stats
アイドル名 声優 ほか代表作 % Correct
伊吹翼 Machico トウカイテイオー(ウマ娘)
87%
箱崎星梨花 麻倉もも 環いろは(マギアレコード)
85%
北沢志保 雨宮天 アクア(この素晴らしい世界に祝福を!)
85%
水瀬伊織 釘宮理恵 逢坂大河(とらドラ!)
82%
七尾百合子 伊藤美来 中野三玖(五等分の花嫁)
82%
最上静香 田所あずさ 霧矢あおい(アイカツ!)
80%
天海春香 中村繪里子 住吉千里(恋と選挙とチョコレート)
78%
春日未来 山崎はるか 水蓮寺ルカ(ハヤテのごとく!)
78%
望月杏奈 夏川椎菜 成海萌奈(告白実行委員会)
78%
ジュリア 愛美 戸山香澄(BanG Dream!)
78%
如月千早 今井麻美 牧瀬紅莉栖(STEINS;GATE)
76%
田中琴葉 種田梨沙 渡辺早季(新世界より)
76%
双海亜美 下田麻美 鏡音リン・レン(VOCALOID)
73%
徳川まつり 諏訪彩花 松原穂乃花(きんいろモザイク)
73%
萩原雪歩 浅倉杏美 五月七日くみん(中二病でも恋がしたい!)
71%
高槻やよい 仁後真耶子 リリカ・フェルフネロフ(アルカナハート)
71%
高坂海美 上田麗奈 関谷なる(ハナヤマタ)
71%
天空橋朋花 小岩井ことり 宮内れんげ(のんのんびより)
71%
馬場このみ 髙橋ミナミ ルコア(小林さんちのメイドラゴン)
71%
星井美希 長谷川明子 小明(ファンタジスタドール)
69%
四条貴音 原由実 アルベド(オーバーロード)
69%
所恵美 藤井ゆきよ 滝本恭子(君の膵臓をたべたい)
69%
宮尾美也 桐谷蝶々 ナレーション(有吉の壁)
69%
白石紬 南早紀 野崎夕姫(八月のシンデレラナイン)
69%
三浦あずさ たかはし智秋 甘露寺七海(School Days)
65%
佐竹美奈子 大関英里 ベルエンジェル(Shadowverse)
65%
高山紗代子 駒形友梨 鳥井あき(まんがーる!)
65%
松田亜利沙 村川梨衣 奈津恵(ご注文はうさぎですか?)
65%
我那覇響 沼倉愛美 鴨居つばめ(うちのメイドがウザすぎる!)
64%
島原エレナ 角元明日香 大野仁子(未確認で進行形)
64%
ロコ 中村温姫 メアリー(神獄塔 メアリスケルターFinale)
64%
舞浜歩 戸田めぐみ 篠田はじめ(NEW GAME!)
64%
矢吹可奈 木戸衣吹 真賀田四季(すべてがFになる。)
64%
野々原茜 小笠原早紀 中条あずさ(魔法科高校の劣等生)
62%
横山奈緒 渡部優衣 押本ユリ(てーきゅう)
62%
菊地真 平田宏美 ルージ・ファミロン(ゾイドジェネシス)
60%
周防桃子 渡部恵子 片桐麗亜(終末のハーレム)
60%
真壁瑞希 阿部里果 Z23(アズールレーン)
58%
篠宮可憐 近藤唯 コルネリア(ソフィーのアトリエ)
58%
百瀬莉緒 山口立花子 三ノ輪聖(ばくおん!!)
58%
北上麗花 平山笑美 パンサム(食パンミミー)
58%
エミリー 郁原ゆう 大山咲(しんぐんデストロ〜イ!)
56%
木下ひなた 田村奈央 雨取芳佳(ワールドトリガー)
56%
秋月律子 若林直美 能美クドリャフカ(リトルバスターズ!)
55%
中谷育 原嶋あかり 戸隠みすず(百合星人ナオコサン)
55%
二階堂千鶴 野村香菜子 鹿島ユノ(ダンボール戦機ウォーズ)
55%
永吉昴 斉藤佑圭 紅葉知弦(生徒会の一存)
55%
大神環 稲川英里 シアン(SHOW BY ROCK!!)
53%
桜守歌織 香里有佐 クロエ・タン(Engage Kill)
53%
豊川風花 末柄里恵 雁淵孝美(ブレイブウィッチーズ)
51%
福田のり子 浜崎奈々 ドラキュローラ(モンスター・ハイ こわイケガールズ)
49%
No matching quizzes found
Score Distribution
Percent of People with Each Score
Percentile by Number Answered
Your Score History
You have not taken this quiz